000 00333nam a2200109Ia 4500
008 171204s9999 xx 000 0 und d
245 _aSoftware Engineering Research, Management and Applications:
245 _cRoger Lee
260 _c2016
650 _xSoftware Engineering
856 _uhttp://down.ebook777.com/046/9783319339023.pdf
999 _c345973
_d345973